00205nam a2200085Ia 4500008004100000100001100041245003300052260002500085260000900110170620s9999 xx 000 0 und d aKelkar 0aLeture on Criminal Procedure bEastren book Company c1998